[Event "Wch-Blitz"]
[Site "New York USA"]
[Date "2024.12.30"]
[Round "1"]
[White "Thavandiran, Shiyam"]
[Black "Esipenko, Andrey"]
[Result "0-1"]
[WhiteElo "2410"]
[BlackElo "2682"]
[WhiteFideId "-1"]
[WhiteFideId "-1"]
[PlyCount "62"]
[GameId "519718761785"]
[EventDate "2024.12.30"]
[EventType "swiss (blitz)"]
[EventRounds "13"]
[EventCountry "USA"]
[SourceTitle "Mega2025 Update 09"]
[Source "Chessbase"]
[SourceDate "2025.01.02"]
[SourceVersion "1"]
[SourceVersionDate "2025.01.02"]
[SourceQuality "1"]

1. e4 e5 2. Nf3 Nc6 3. Bc4 Nf6 4. d3 Be7 5. O-O O-O 6. Nc3 d6 7. a3 Be6 8. Nd5 h6 9. Ba2 Re8 10. Re1 Bf8 11. c4 Nb8 12. d4 c6 13. Nc3 Bg4 14. dxe5 Bxf3 15. Qxf3 dxe5 16. Be3 a5 17. c5 a4 18. Rad1 Nbd7 19. h4 Qc8 20. Rd6 Bxd6 21. cxd6 Nf8 22. Bxh6 Qg4 23. Qxg4 Nxg4 24. Bg5 Nf6 25. f3 Red8 26. Rd1 Rd7 27. f4 Ng4 28. fxe5 Nxe5 29. Rd4 b5 30. h5 Ne6 31. Be7 Nxd4 0-1

[Event "Wch-Blitz"]
[Site "New York USA"]
[Date "2024.12.30"]
[Round "2"]
[White "Suleymanli, Aydin"]
[Black "Thavandiran, Shiyam"]
[Result "0-1"]
[WhiteElo "2623"]
[BlackElo "2410"]
[WhiteFideId "-1"]
[WhiteFideId "-1"]
[PlyCount "144"]
[GameId "519718761894"]
[EventDate "2024.12.30"]
[EventType "swiss (blitz)"]
[EventRounds "13"]
[EventCountry "USA"]
[SourceTitle "Mega2025 Update 09"]
[Source "Chessbase"]
[SourceDate "2025.01.02"]
[SourceVersion "1"]
[SourceVersionDate "2025.01.02"]
[SourceQuality "1"]

1. d4 Nf6 2. c4 e6 3. Nf3 a6 4. Bg5 c5 5. d5 exd5 6. cxd5 h6 7. Bc1 d6 8. a4 g6 9. Nc3 Bg7 10. g3 O-O 11. Bg2 Nbd7 12. O-O Re8 13. Nd2 Rb8 14. a5 b5 15. axb6 Nxb6 16. h3 Qc7 17. Nb3 Nc4 18. Ra2 Nd7 19. g4 Rb4 20. Na1 Qb8 21. Qc2 a5 22. b3 Ncb6 23. Rxa5 c4 24. Ba3 cxb3 25. Nxb3 Rc4 26. Bb2 Bb7 27. Rc1 Rec8 28. Nd2 Rxc3 29. Bxc3 Rxc3 30. Qd1 Rxc1 31. Qxc1 Nc5 32. Rb5 Ba6 33. Rb4 Bxe2 34. Qb1 Ncd7 35. Ne4 Qc7 36. Qe1 Bd3 37. Qd1 Bc2 38. Qd2 Bxe4 39. Rxe4 Bf8 40. Re8 Nf6 41. Re1 Nbd7 42. Rc1 Qa7 43. Qf4 Kg7 44. Rc8 Qa1+ 45. Kh2 Ne5 46. Rb8 Be7 47. Rb7 Nfd7 48. Qg3 Qc1 49. f4 Qc8 50. Ra7 Qb8 51. Qa3 Nc4 52. Qa6 Ncb6 53. Rb7 Qd8 54. Qa7 Bf8 55. Bf1 Qf6 56. Kg3 Qc3+ 57. Kg2 Qd2+ 58. Kg1 Qe3+ 59. Kg2 Qe4+ 60. Kg1 Qd4+ 61. Kg2 Qxd5+ 62. Kh2 Qd2+ 63. Bg2 Qxf4+ 64. Kh1 Qc1+ 65. Kh2 d5 66. Rxd7 Qf4+ 67. Kh1 Qc1+ 68. Kh2 Nxd7 69. Qxd7 Qf4+ 70. Kh1 Bd6 71. Kg1 Qe3+ 72. Kf1 Bg3 0-1

[Event "Wch-Blitz"]
[Site "New York USA"]
[Date "2024.12.30"]
[Round "3"]
[White "Thavandiran, Shiyam"]
[Black "Erenburg, Sergey"]
[Result "1-0"]
[WhiteElo "2410"]
[BlackElo "2510"]
[WhiteFideId "-1"]
[WhiteFideId "-1"]
[PlyCount "113"]
[GameId "519718761981"]
[EventDate "2024.12.30"]
[EventType "swiss (blitz)"]
[EventRounds "13"]
[EventCountry "USA"]
[SourceTitle "Mega2025 Update 09"]
[Source "Chessbase"]
[SourceDate "2025.01.02"]
[SourceVersion "1"]
[SourceVersionDate "2025.01.02"]
[SourceQuality "1"]

1. e4 c6 2. Nf3 d5 3. d3 Qc7 4. Nc3 Nf6 5. e5 Ng8 6. d4 Bg4 7. h3 Bxf3 8. Qxf3 e6 9. Bd3 c5 10. Nb5 Qd7 11. dxc5 Bxc5 12. Qg3 Ne7 13. Qxg7 Rg8 14. Qxh7 Nbc6 15. Bf4 Rxg2 16. Nd6+ Bxd6 17. exd6 Ng8 18. Kf1 O-O-O 19. Kxg2 Nf6 20. Qh4 Ne4 21. Bxe4 dxe4 22. Rad1 e5 23. Bg3 f5 24. Rhe1 Rg8 25. Kh2 f4 26. Rxe4 fxg3+ 27. fxg3 Qf5 28. d7+ Kc7 29. Re2 Qf3 30. Rdd2 a6 31. Rf2 Qe3 32. Rde2 Qc5 33. Qh7 Rd8 34. Rd2 Nd4 35. Qe4 Nc6 36. c3 Qe7 37. Qg6 Qc5 38. Qe4 Qe7 39. b4 Rg8 40. Rg2 Rh8 41. Qg4 Rd8 42. a4 e4 43. Rge2 e3 44. Rd3 Ne5 45. Qf4 Rf8 46. d8=Q+ Rxd8 47. Rxd8 Kxd8 48. Qxe3 Nc6 49. Qxe7+ Nxe7 50. c4 Nf5 51. b5 a5 52. c5 Kd7 53. h4 Nh6 54. Kh3 Nf5 55. h5 Nh6 56. g4 Nf7 57. Kh4 1-0

[Event "Wch-Blitz"]
[Site "New York USA"]
[Date "2024.12.30"]
[Round "4"]
[White "Kevlishvili, Robby"]
[Black "Thavandiran, Shiyam"]
[Result "1-0"]
[WhiteElo "2556"]
[BlackElo "2410"]
[WhiteFideId "-1"]
[WhiteFideId "-1"]
[PlyCount "37"]
[GameId "519718762054"]
[EventDate "2024.12.30"]
[EventType "swiss (blitz)"]
[EventRounds "13"]
[EventCountry "USA"]
[SourceTitle "Mega2025 Update 09"]
[Source "Chessbase"]
[SourceDate "2025.01.02"]
[SourceVersion "1"]
[SourceVersionDate "2025.01.02"]
[SourceQuality "1"]

1. e4 e6 2. d4 d5 3. Nd2 c5 4. Ngf3 cxd4 5. Nxd4 Nf6 6. exd5 a6 7. Be2 $5 {[%mdl 4] An interesting side line. Eine interessante Nebenvariante.} Qxd5 8. N2f3 Nbd7 $146 (8... Be7 9. O-O O-O 10. c4 Qd6 11. Bg5 {½-½ Popovic,D (2511)-Sivuk,V (2514) Pfalz op 10th Neustadt an der Weinstrasse 2019 (7)}) 9. O-O b6 10. Bf4 Bb7 11. c4 Qc5 12. Rc1 Be7 13. a3 e5 14. b4 Qc7 15. Bg3 Ne4 16. Nf5 Nxg3 17. hxg3 e4 18. Re1 Qe5 19. Nxe5 1-0

[Event "Wch-Blitz"]
[Site "New York USA"]
[Date "2024.12.30"]
[Round "5"]
[White "Thavandiran, Shiyam"]
[Black "Dlugy, Maxim"]
[Result "0-1"]
[WhiteElo "2410"]
[BlackElo "2514"]
[WhiteFideId "-1"]
[WhiteFideId "-1"]
[PlyCount "118"]
[GameId "519718762161"]
[EventDate "2024.12.30"]
[EventType "swiss (blitz)"]
[EventRounds "13"]
[EventCountry "USA"]
[SourceTitle "Mega2025 Update 09"]
[Source "Chessbase"]
[SourceDate "2025.01.02"]
[SourceVersion "1"]
[SourceVersionDate "2025.01.02"]
[SourceQuality "1"]

1. e4 d5 2. exd5 Qxd5 3. Nc3 Qd6 4. d4 c6 5. Nf3 Bg4 6. Bc4 Nf6 7. Be3 e6 8. h3 Bh5 9. g4 Bg6 10. Ne5 Nbd7 11. Nxg6 hxg6 12. Qe2 Be7 13. Bb3 a5 14. a4 Qc7 15. O-O-O Nd5 16. Nxd5 cxd5 17. g5 Rh4 18. Kb1 Nb6 19. Qb5+ Qc6 20. Qxc6+ bxc6 21. c3 Kd7 22. Kc2 Rah8 23. Kd3 Rxh3 24. Rxh3 Rxh3 25. Rg1 Nc8 26. Bd1 Nd6 27. Bg4 Rh2 28. b4 Nc4 29. bxa5 Nxa5 30. Rb1 Bd8 31. Rb8 Rg2 32. Bf3 Rg1 33. Ra8 Nc4 34. Ra7+ Ke8 35. Be2 Ra1 36. Bf4 Rxa4 37. Rxa4 Nb2+ 38. Kc2 Nxa4 39. Be3 Nb6 40. Kb3 Be7 41. Bf4 Kd7 42. Bd3 Bd6 43. Bc1 c5 44. Bb5+ Ke7 45. Be3 c4+ 46. Kc2 f6 47. Kd1 Nd7 48. Ba4 Nf8 49. Bc2 Kf7 50. Ke2 Nh7 51. gxf6 gxf6 52. Kf3 Ba3 53. Ke2 Nf8 54. f4 Nd7 55. Ba4 Nb6 56. Bc6 Nc8 57. Kf3 Nd6 58. Bd2 Ne4 59. Be1 Bb2 0-1

[Event "Wch-Blitz"]
[Site "New York USA"]
[Date "2024.12.30"]
[Round "6"]
[White "Benjamin, Joel"]
[Black "Thavandiran, Shiyam"]
[Result "1-0"]
[WhiteElo "2473"]
[BlackElo "2410"]
[WhiteFideId "-1"]
[WhiteFideId "-1"]
[PlyCount "77"]
[GameId "519718762264"]
[EventDate "2024.12.30"]
[EventType "swiss (blitz)"]
[EventRounds "13"]
[EventCountry "USA"]
[SourceTitle "Mega2025 Update 09"]
[Source "Chessbase"]
[SourceDate "2025.01.02"]
[SourceVersion "1"]
[SourceVersionDate "2025.01.02"]
[SourceQuality "1"]

1. e4 e6 2. d3 c5 3. Nf3 Nc6 4. g3 g6 5. Bg5 Qb6 6. Nbd2 d5 7. Bg2 h6 8. exd5 exd5 9. Be3 Be6 10. O-O d4 11. Bf4 g5 12. Be5 f6 13. Re1 fxe5 14. Nxe5 Nxe5 15. Rxe5 O-O-O 16. Qf3 Bd7 17. Nc4 Qc7 18. Rae1 Bc6 19. Qf5+ Bd7 20. Qf7 b5 21. Na3 Bd6 22. R5e2 Bc6 23. Qe6+ Kb8 24. Bxc6 Qxc6 25. Qf7 Qc7 26. Qf3 a6 27. c4 b4 28. Nb1 Ne7 29. Nd2 Rhf8 30. Qh5 Rf6 31. Ne4 Re6 32. Qf7 Re5 33. Nxd6 Rxe2 34. Rxe2 Qxd6 35. Rxe7 Qc6 36. Re6 Qc7 37. Qf6 Rd7 38. Rb6+ Kc8 39. Rc6 1-0

[Event "Wch-Blitz"]
[Site "New York USA"]
[Date "2024.12.30"]
[Round "7"]
[White "Thavandiran, Shiyam"]
[Black "Rakhmanov, Alexander"]
[Result "1/2-1/2"]
[WhiteElo "2410"]
[BlackElo "2585"]
[WhiteFideId "-1"]
[WhiteFideId "-1"]
[PlyCount "162"]
[GameId "519718762366"]
[EventDate "2024.12.30"]
[EventType "swiss (blitz)"]
[EventRounds "13"]
[EventCountry "USA"]
[SourceTitle "Mega2025 Update 09"]
[Source "Chessbase"]
[SourceDate "2025.01.02"]
[SourceVersion "1"]
[SourceVersionDate "2025.01.02"]
[SourceQuality "1"]

1. e4 c5 2. Nf3 Nf6 3. e5 Nd5 4. Nc3 Nxc3 5. dxc3 Nc6 6. Bf4 Qb6 7. Rb1 Qc7 8. Bd3 e6 9. Qe2 h6 10. h4 b6 11. a4 Bb7 12. Rh3 O-O-O 13. Ba6 d6 14. exd6 Bxd6 15. Bxd6 Qxd6 16. Bxb7+ Kxb7 17. h5 Rd7 18. Rg3 Rhd8 19. Rxg7 Qd5 20. Kf1 Qxh5 21. Kg1 a5 22. Re1 Qd5 23. Qe4 Qxe4 24. Rxe4 Rd1+ 25. Kh2 R8d7 26. Rf4 f5 27. Rxd7+ Rxd7 28. Rh4 e5 29. Rxh6 e4 30. Nh4 Rd2 31. Nxf5 Rxc2 32. Nd6+ Kc7 33. Nb5+ Kb7 34. Nd6+ Kc7 35. Nxe4 Rxb2 36. g4 Ne5 37. Kg3 Re2 38. f3 Re1 39. Rh7+ Kc6 40. Rh6+ Kc7 41. Kf4 Nd3+ 42. Kg5 Rf1 43. Rh7+ Kc6 44. Rh6+ Kc7 45. Rh7+ Kc6 46. Rf7 c4 47. Rf6+ Kc7 48. Nd6 Ne5 49. Nb5+ Kd7 50. f4 Nf3+ 51. Kg6 Ra1 52. Rxb6 Rxa4 53. f5 Ne5+ 54. Kg5 Ra1 55. Rd6+ Kc8 56. Re6 Nf3+ 57. Kf6 Rg1 58. Re4 Kb7 59. Rxc4 Kb6 60. Nd4 Nh2 61. Rc6+ Kb7 62. g5 Ng4+ 63. Ke7 Ne3 64. g6 Nxf5+ 65. Kd7 Nxd4 66. cxd4 Rg4 67. d5 a4 68. Rf6 a3 69. Ke6 a2 70. Rf1 Rxg6+ 71. Ke7 Rg7+ 72. Ke6 Rg2 73. d6 Re2+ 74. Kd7 Kb6 75. Kd8 Rh2 76. Rc1 Rh8+ 77. Kd7 Rh7+ 78. Ke6 Rh6+ 79. Ke7 Rh7+ 80. Ke6 Rh6+ 81. Ke7 Rh7+ 1/2-1/2

[Event "Wch-Blitz"]
[Site "New York USA"]
[Date "2024.12.30"]
[Round "8"]
[White "Muradli, Mahammad"]
[Black "Thavandiran, Shiyam"]
[Result "0-1"]
[WhiteElo "2588"]
[BlackElo "2410"]
[WhiteFideId "-1"]
[WhiteFideId "-1"]
[PlyCount "114"]
[GameId "519718762462"]
[EventDate "2024.12.30"]
[EventType "swiss (blitz)"]
[EventRounds "13"]
[EventCountry "USA"]
[SourceTitle "Mega2025 Update 09"]
[Source "Chessbase"]
[SourceDate "2025.01.02"]
[SourceVersion "1"]
[SourceVersionDate "2025.01.02"]
[SourceQuality "1"]

1. Nf3 Nf6 2. c4 g6 3. Nc3 Bg7 4. e4 d6 5. d4 O-O 6. Be2 e5 7. Be3 Ng4 8. Bg5 f6 9. Bh4 Nc6 10. d5 Ne7 11. O-O a5 12. Ne1 h5 13. Nd3 g5 14. Bg3 f5 15. h3 Nf6 16. exf5 Bxf5 17. Rc1 Qe8 18. c5 Rd8 19. cxd6 cxd6 20. Ne1 h4 21. Bh2 Qg6 22. f3 Nh5 23. Nd3 Nf4 24. Nf2 Rf7 25. Re1 Rdf8 26. Bf1 Bd7 27. Nfe4 Nf5 28. Qd2 Nd4 29. Bxf4 gxf4 30. Kh1 Bh6 31. Bd3 Rg7 32. Rg1 Bf5 33. Ne2 Nxe2 34. Qxe2 Kh8 35. Nf2 Bxd3 36. Qxd3 Qxd3 37. Nxd3 e4 38. fxe4 f3 39. Rcd1 Be3 40. e5 Bxg1 41. Rxg1 dxe5 42. Nxe5 fxg2+ 43. Rxg2 Rf1+ 44. Kh2 Rxg2+ 45. Kxg2 Rd1 46. d6 Kg7 47. Nc4 a4 48. Kf3 Kf6 49. Ke2 Rh1 50. Nd2 Rh2+ 51. Ke1 Ke6 52. Nf3 Rxb2 53. Nxh4 Rxa2 54. Nf5 Ra3 55. Nd4+ Kd7 56. h4 Rh3 57. Nf5 a3 0-1

[Event "Wch-Blitz"]
[Site "New York USA"]
[Date "2024.12.30"]
[Round "9"]
[White "Thavandiran, Shiyam"]
[Black "Isanzhulov, Arystan"]
[Result "1-0"]
[WhiteElo "2410"]
[BlackElo "2395"]
[WhiteFideId "-1"]
[WhiteFideId "-1"]
[PlyCount "75"]
[GameId "519718762546"]
[EventDate "2024.12.30"]
[EventType "swiss (blitz)"]
[EventRounds "13"]
[EventCountry "USA"]
[SourceTitle "Mega2025 Update 09"]
[Source "Chessbase"]
[SourceDate "2025.01.02"]
[SourceVersion "1"]
[SourceVersionDate "2025.01.02"]
[SourceQuality "1"]

1. e4 d5 2. exd5 Qxd5 3. Nc3 Qd8 4. d4 Nf6 5. Nf3 g6 6. Bf4 Bg7 7. Qd2 O-O 8. Bh6 Qd6 9. O-O-O Bg4 10. Be2 Nbd7 11. h3 Bxf3 12. Bxf3 Nb6 13. Bxg7 Kxg7 14. Qe2 Rad8 15. Kb1 a6 16. g4 e6 17. g5 Nfd5 18. Ne4 Qb4 19. c3 Qa5 20. Nc5 Na4 21. Qe5+ Kg8 22. Nxa4 Qxa4 23. h4 Nb6 24. b3 Qa3 25. h5 Nd7 26. Qxc7 Qe7 27. Qh2 Rc8 28. c4 a5 29. Be4 a4 30. hxg6 fxg6 31. Bxg6 Qg7 32. Bxh7+ Kf7 33. Qd6 Ke8 34. Bc2 axb3 35. Qxe6+ Kd8 36. axb3 Rc6 37. Qd5 Rb6 38. Rh7 1-0

[Event "Wch-Blitz"]
[Site "New York USA"]
[Date "2024.12.30"]
[Round "10"]
[White "Theodorou, Nikolas"]
[Black "Thavandiran, Shiyam"]
[Result "1-0"]
[WhiteElo "2600"]
[BlackElo "2410"]
[WhiteFideId "-1"]
[WhiteFideId "-1"]
[PlyCount "85"]
[GameId "519718762626"]
[EventDate "2024.12.30"]
[EventType "swiss (blitz)"]
[EventRounds "13"]
[EventCountry "USA"]
[SourceTitle "Mega2025 Update 09"]
[Source "Chessbase"]
[SourceDate "2025.01.02"]
[SourceVersion "1"]
[SourceVersionDate "2025.01.02"]
[SourceQuality "1"]

1. d4 Nf6 2. c4 g6 3. Nc3 Bg7 4. e4 d6 5. Be2 O-O 6. Nf3 e5 7. O-O Nc6 8. d5 Ne7 9. b4 a5 10. bxa5 Rxa5 11. a4 c5 12. dxc6 Nxc6 13. Ba3 Bg4 14. Bxd6 Re8 15. c5 Bxf3 16. Bxf3 Nd4 17. Nb5 Nxb5 18. axb5 Rxb5 19. Be2 Rb4 20. f3 Bf8 21. Bxf8 Kxf8 22. Qxd8 Rxd8 23. Rfb1 Rxb1+ 24. Rxb1 Rc8 25. Rxb7 Rxc5 26. Kf2 Nh5 27. Bd1 Nf4 28. Bb3 f6 29. g3 Nd3+ 30. Ke3 Nc1 31. Bd5 Rc2 32. f4 Re2+ 33. Kf3 Rxh2 34. Rf7+ Ke8 35. Rxf6 exf4 36. gxf4 Nd3 37. Ke3 Nb4 38. Bc4 Nc2+ 39. Kd3 Ne1+ 40. Kd4 Nc2+ 41. Ke5 Rh5+ 42. Kd6 Ne3 43. Be6 1-0

[Event "Wch-Blitz"]
[Site "New York USA"]
[Date "2024.12.30"]
[Round "11"]
[White "Thavandiran, Shiyam"]
[Black "Saraci, Nderim"]
[Result "0-1"]
[WhiteElo "2410"]
[BlackElo "2431"]
[WhiteFideId "-1"]
[WhiteFideId "-1"]
[PlyCount "136"]
[GameId "519718762729"]
[EventDate "2024.12.30"]
[EventType "swiss (blitz)"]
[EventRounds "13"]
[EventCountry "USA"]
[SourceTitle "Mega2025 Update 09"]
[Source "Chessbase"]
[SourceDate "2025.01.02"]
[SourceVersion "1"]
[SourceVersionDate "2025.01.02"]
[SourceQuality "1"]

1. e4 e5 2. Bc4 Bc5 3. Nf3 d6 4. d4 exd4 5. Nxd4 Nf6 6. Nc3 O-O 7. Bg5 h6 8. Bh4 c6 9. O-O Re8 10. Nb3 Bb4 11. Qf3 Nbd7 12. Bd3 Ne5 13. Qe2 Ng6 14. Bg3 Bxc3 15. bxc3 Nxe4 16. Bxe4 d5 17. Rad1 Qe7 18. Rfe1 dxe4 19. Bd6 Qg5 20. Qd2 Bg4 21. Qxg5 hxg5 22. Rd4 Bf5 23. Na5 c5 24. Rd5 Be6 25. Rxg5 b6 26. Nb3 Rad8 27. Bg3 Bc4 28. h4 Nf8 29. h5 Nh7 30. Re5 Rxe5 31. Bxe5 Re8 32. Bf4 Nf6 33. h6 Nd5 34. Bd2 e3 35. Bxe3 Nxe3 36. fxe3 gxh6 37. Nd2 Be6 38. a3 Rd8 39. Ne4 Bf5 40. Nf6+ Kg7 41. Nh5+ Kf8 42. e4 Bg6 43. Nf4 Rd2 44. Nxg6+ fxg6 45. Rf1+ Ke7 46. e5 Rxc2 47. Rf3 g5 48. Rh3 g4 49. Rxh6 g3 50. Kf1 Rxc3 51. Rh7+ Ke6 52. Rxa7 Kxe5 53. Ke2 Kd4 54. a4 Re3+ 55. Kd2 Ra3 56. Ke2 c4 57. Rb7 Re3+ 58. Kd1 Re6 59. Kc2 Re2+ 60. Kd1 Rxg2 61. Rxb6 Ra2 62. Rd6+ Ke3 63. Re6+ Kd4 64. Rd6+ Kc5 65. Rg6 g2 66. Ke1 c3 67. Rg3 Ra1+ 68. Kf2 g1=Q+ 0-1

[Event "Wch-Blitz"]
[Site "New York USA"]
[Date "2024.12.30"]
[Round "12"]
[White "Harsha, Bharathakoti"]
[Black "Thavandiran, Shiyam"]
[Result "1-0"]
[WhiteElo "2531"]
[BlackElo "2410"]
[WhiteFideId "-1"]
[WhiteFideId "-1"]
[PlyCount "147"]
[GameId "519718762828"]
[EventDate "2024.12.30"]
[EventType "swiss (blitz)"]
[EventRounds "13"]
[EventCountry "USA"]
[SourceTitle "Mega2025 Update 09"]
[Source "Chessbase"]
[SourceDate "2025.01.02"]
[SourceVersion "1"]
[SourceVersionDate "2025.01.02"]
[SourceQuality "1"]

1. f4 d5 2. Nf3 Nc6 3. e3 Bg4 4. Bb5 e6 5. Bxc6+ bxc6 6. h3 Bh5 7. O-O Bd6 8. b3 Ne7 9. Bb2 f6 10. Qe1 O-O 11. d3 c5 12. Nbd2 Nc6 13. Qh4 Bg6 14. a3 a5 15. e4 a4 16. e5 Be7 17. Qe1 Qd7 18. exf6 gxf6 19. Nh4 Nd4 20. Bxd4 cxd4 21. Qg3 Kf7 22. f5 exf5 23. b4 Bd6 24. Qf3 c6 25. Nxf5 Bxf5 26. Qxf5 Qxf5 27. Rxf5 Rae8 28. Raf1 Kg6 29. R5f2 Kg7 30. Nf3 Bf4 31. Kh1 Be3 32. Re2 f5 33. g3 f4 34. g4 h5 35. gxh5 Kh6 36. Rg2 Rg8 37. Rg4 Kxh5 38. Rh4+ Kg6 39. Rb1 Rh8 40. b5 Rxh4 41. Nxh4+ Kh5 42. Nf3 cxb5 43. Rxb5 Rc8 44. Rxd5+ Kh6 45. Nxd4 Rc3 46. Kg2 Rxa3 47. Nf5+ Kg6 48. Nxe3 fxe3 49. Kf3 Rc3 50. Kxe3 Rxc2 51. Ra5 Rh2 52. Rxa4 Rxh3+ 53. Kd2 Kf6 54. Re4 Rh8 55. d4 Rd8 56. Kd3 Kf5 57. Re5+ Kf6 58. Re1 Kf7 59. Kc4 Rc8+ 60. Kd5 Rd8+ 61. Kc5 Rc8+ 62. Kb6 Rd8 63. Re4 Kf6 64. Kc7 Ra8 65. d5 Ra7+ 66. Kb6 Ra1 67. d6 Rb1+ 68. Kc7 Rc1+ 69. Kd8 Ra1 70. d7 Ra8+ 71. Kc7 Ra7+ 72. Kc8 Kf5 73. Re1 Ra8+ 74. Kb7 1-0

[Event "Wch-Blitz"]
[Site "New York USA"]
[Date "2024.12.30"]
[Round "13"]
[White "Pereira, Fabian1"]
[Black "Thavandiran, Shiyam"]
[Result "0-1"]
[WhiteElo "2123"]
[BlackElo "2410"]
[WhiteFideId "-1"]
[WhiteFideId "-1"]
[PlyCount "92"]
[GameId "519718762928"]
[EventDate "2024.12.30"]
[EventType "swiss (blitz)"]
[EventRounds "13"]
[EventCountry "USA"]
[SourceTitle "Mega2025 Update 09"]
[Source "Chessbase"]
[SourceDate "2025.01.02"]
[SourceVersion "1"]
[SourceVersionDate "2025.01.02"]
[SourceQuality "1"]

1. e4 e6 2. d4 d5 3. Nd2 c5 4. exd5 Qxd5 5. Ngf3 cxd4 6. Bc4 Qd6 7. O-O Nf6 8. Nb3 Nc6 9. Nbxd4 Nxd4 10. Nxd4 Be7 11. c3 O-O 12. Qe2 Bd7 13. Bg5 Rfe8 14. Rad1 Qb6 15. Nf3 Bc6 16. Ne5 Bd5 17. Bxf6 Bxf6 18. Nd7 Bxc4 19. Qxc4 Qxb2 20. Nxf6+ gxf6 21. Qg4+ Kf8 22. Qh3 Rad8 23. Qh6+ Ke7 24. Qxh7 Rxd1 25. Rxd1 Qxc3 26. Qe4 Rb8 27. Qa4 Rd8 28. Rxd8 Kxd8 29. Qd1+ Ke7 30. g3 b5 31. h4 a5 32. Qf3 Qa1+ 33. Kg2 Qxa2 34. Qb7+ Kf8 35. Qb8+ Kg7 36. h5 Qd5+ 37. Kh2 Qxh5+ 38. Kg1 a4 39. Qd6 Qe5 40. Qb4 f5 41. Kh2 Kg6 42. Qf8 Qg7 43. Qc5 Qb2 44. Kg2 a3 45. Qf8 a2 46. Qg8+ Qg7 0-1

[Event "Wch-Rapid"]
[Site "New York USA"]
[Date "2024.12.26"]
[Round "1"]
[White "Thavandiran, Shiyam"]
[Black "Bok, Benjamin"]
[Result "0-1"]
[WhiteElo "2405"]
[BlackElo "2596"]
[WhiteFideId "-1"]
[WhiteFideId "-1"]
[PlyCount "60"]
[GameId "519414412503"]
[EventDate "2024.12.26"]
[EventType "swiss (rapid)"]
[EventRounds "13"]
[EventCountry "USA"]
[SourceTitle "Mega2025 Update 09"]
[Source "Chessbase"]
[SourceDate "2025.01.02"]
[SourceVersion "1"]
[SourceVersionDate "2025.01.02"]
[SourceQuality "1"]

1. e4 c5 2. Nf3 d6 3. d4 cxd4 4. Nxd4 Nf6 5. Nc3 a6 6. h3 e5 7. Nf3 Be7 8. g4 b5 $5 {[%mdl 4] Exploring less charted territory. Erkundet wenig bekanntes Terrain.} 9. g5 Nfd7 10. Be3 Nb6 11. a4 $146 (11. Nd5 N8d7 12. Qd2 Nxd5 13. exd5 Nb6 14. O-O-O Bb7 15. Bxb6 Qxb6 16. h4 Rc8 17. Bg2 O-O 18. Kb1 a5 19. Ne1 f5 20. gxf6 Rxf6 21. Nd3 {½-½ Niedbala,B (2391)-Babula,V (2302) Piestany Slovakia op-A 2023 (2)}) 11... bxa4 12. Nxa4 N8d7 13. Nxb6 Nxb6 14. Qd2 O-O 15. O-O-O Qc7 16. Qa5 Rb8 17. Rd3 Bd8 18. Nd2 Be6 19. Rc3 Qd7 20. Qa3 Na4 21. Rd3 Nxb2 22. Rxd6 Be7 23. Bc5 Bxd6 24. Bxd6 Rfd8 25. Bb4 Qd4 26. Bc3 Qxf2 27. Bxa6 Qe3 28. Qa5 Na4 29. Bd3 Nxc3 30. Qxc3 Rbc8 0-1

[Event "Wch-Rapid"]
[Site "New York USA"]
[Date "2024.12.28"]
[Round "12"]
[White "Moradiabadi, Elshan"]
[Black "Thavandiran, Shiyam"]
[Result "1-0"]
[WhiteElo "2552"]
[BlackElo "2405"]
[WhiteFideId "-1"]
[WhiteFideId "-1"]
[PlyCount "195"]
[GameId "519588807663"]
[EventDate "2024.12.26"]
[EventType "swiss (rapid)"]
[EventRounds "13"]
[EventCountry "USA"]
[SourceTitle "Mega2025 Update 09"]
[Source "Chessbase"]
[SourceDate "2025.01.02"]
[SourceVersion "1"]
[SourceVersionDate "2025.01.02"]
[SourceQuality "1"]

1. d4 Nf6 2. Nf3 g6 3. Nbd2 Bg7 4. e4 d6 5. Bb5+ c6 6. Bd3 O-O 7. O-O Nbd7 8. Qe2 $5 {[%mdl 4] A promising side line. Eine vielversprechende Nebenvariante.} e5 9. dxe5 dxe5 10. a4 $146 (10. b3 Qc7 11. Bb2 Ne8 12. a4 a5 {½-½ Larsen,U (1692)-Kokholm,D (1781) Amager CC-ch 2006 (2)}) 10... Nh5 11. Nc4 Qc7 12. Rd1 Nc5 13. Be3 Ne6 14. g3 Rd8 15. c3 Bd7 16. a5 Be8 17. Bc2 h6 18. Rxd8 Qxd8 19. Nfxe5 c5 20. Ng4 Kh7 21. e5 Bb5 22. Bd3 Ng5 23. Bxg5 Qxg5 24. f4 Qe7 25. Rd1 Rd8 26. Nge3 Kg8 27. Nd6 Ba4 28. Rd2 Rxd6 29. exd6 Qxd6 30. Bc4 Qf8 31. Qd3 Qe7 32. Qd8+ Bf8 33. Qxe7 Bxe7 34. Bd5 b6 35. axb6 axb6 36. Nc4 g5 37. Nxb6 Be8 38. Re2 Kf8 39. Nc8 Bd8 40. Nd6 Bd7 41. Nxf7 Bg4 42. Rd2 Bb6 43. Nxh6 c4+ 44. Kg2 Be3 45. Nxg4 Bxd2 46. fxg5 Bc1 47. b4 cxb3 48. Bxb3 Bxg5 49. Bd5 Ke7 50. c4 Kd6 51. Kf3 Bd8 52. Ke4 Ba5 53. Kf5 Be1 54. Kg6 Nxg3 55. hxg3 Bxg3 56. Kf5 Kc5 57. Ke4 Be1 58. Ne5 Bh4 59. Nd3+ Kd6 60. c5+ Kc7 61. Nb4 Bf2 62. Na6+ Kd8 63. Ke5 Bg3+ 64. Ke6 Bh2 65. Be4 Bg3 66. Nb4 Bh2 67. Nd3 Bg3 68. Ne5 Kc7 69. Nc4 Bf2 70. Kd5 Bg3 71. Nd6 Bh2 72. Bf5 Bg3 73. Nb5+ Kd8 74. Bg4 Bh2 75. Kc6 Bg1 76. Nc3 Ke7 77. Ne4 Be3 78. Kb7 Bxc5 79. Nxc5 Kd6 80. Kb6 Kd5 81. Kb5 Kd4 82. Kc6 Kc4 83. Ne6 Kc3 84. Kc5 Kd3 85. Kd5 Ke3 86. Bf5 Kd2 87. Kd4 Kc1 88. Kc3 Kd1 89. Nd4 Ke1 90. Kd3 Kd1 91. Ne2 Ke1 92. Ke3 Kd1 93. Bd3 Ke1 94. Bc2 Kf1 95. Nf4 Ke1 96. Ng2+ Kf1 97. Kf3 Kg1 98. Kg3 1-0

[Event "Titled Tuesday 2024.12.24 Late"]
[Site "chess.com INT"]
[Date "2024.12.24"]
[Round "1"]
[White "Thavandiran, Shiyam"]
[Black "Novak, Ratko"]
[Result "0-1"]
[WhiteElo "2410"]
[BlackElo "2035"]
[WhiteFideId "-1"]
[WhiteFideId "-1"]
[PlyCount "106"]
[GameId "2129405226988842"]
[EventDate "2024.12.24"]
[EventType "swiss (blitz)"]
[EventRounds "11"]
[EventCountry "NET"]
[SourceTitle "The Week in Chess 1573"]
[Source "Mark Crowther"]
[SourceDate "2024.12.30"]
[SourceVersion "1"]
[SourceVersionDate "2024.12.30"]
[SourceQuality "2"]

1. e4 d5 2. exd5 c6 3. dxc6 Nxc6 4. Bb5 Qd5 5. Bxc6+ Qxc6 6. Nf3 b6 7. O-O Bb7 8. d4 e6 9. c3 Be7 10. Nbd2 g5 11. a4 g4 12. Ne1 a6 13. Qxg4 Nf6 14. Qf3 Qc7 15. Qg3 Qc6 16. Ndf3 Rg8 17. Qh3 O-O-O 18. Ne5 Qe8 19. f3 h5 20. N1d3 Kb8 21. a5 b5 22. Bf4 Ka8 23. Be3 Nd5 24. Bd2 h4 25. Rfe1 Qf8 26. b3 f6 27. Ng4 f5 28. Nge5 Qf6 29. c4 Nc7 30. Bc3 Rg7 31. Re2 Rdg8 32. Rc1 Qh6 33. Bd2 Qh5 34. Nf4 Qh6 35. Nd5 Rxg2+ 36. Rxg2 Qxd2 37. Rxg8+ Ka7 38. Rf1 Qxd4+ 39. Kh1 exd5 40. Ng6 Bc5 41. Qxh4 Qd3 42. Qe1 dxc4 43. Ne5 Qd5 44. Rg7 Bd6 45. bxc4 bxc4 46. Qe2 Bxe5 47. Rg2 c3 48. h4 Bc6 49. h5 Bb5 50. Qd1 Bxf1 51. Qxd5 Nxd5 52. Rg7+ Bxg7 53. Kg1 Bd3 0-1